000 00446nam a22001217a 4500
999 _c9570
_d9570
003 OSt
008 201209b ||||| |||| 00| 0 eng d
245 _aThe Indian Journal of Technical Education
250 _a2015(Jul-Sep Vol.38 No.3, Apr- June Vol.38 No.2) 2016(Oct-Dec Vol.39 No.4) 2018(Jan-Mar Vol.41 No.1)
260 _aNew Delhi
_bIndian Society for Technical Education
650 _aElectronics and Communication Engineering
942 _2ddc
_cBV